• 首页
  • 本馆介绍
  • 公告通知
  • 最新文献
  • 馆藏检索
  • 电子资源
  • 读者导购
  • 参考咨询
  • 我的图书馆
  • 登录
  • 详细信息显示
  • 放入我的书架
  • 预约/预借图书
  • 作者相关作品
  • 分类相关作品
  • 丛书相关作品
  • 出版社相关作品

书目信息

  • 表格格式
  • 工作单格式
  • 卡片格式
题名:
无产阶级贫困化的理论与实际
    
 
作者: 仇启华 , 解德元 , 黄苏 著
分册:  
出版信息: 北京   中国社会科学出版社  1982.08
页数: 151页
开本: 19cm
丛书名: 世界经济丛书
单 册:
中图分类: F034
科图分类:
主题词: 资本主义社会--生产方式
电子资源:
ISBN:
000 00742nam0 2200253 45
001 0404211498
005 20040421145506.1
010    @dCNY0.48
091    @a4190.126
100    @a20040421d1982 km y0chiy0120 ea
101 0  @achi
105    @a z 000yy
200 1  @a无产阶级贫困化的理论与实际@AWu Chan Jie Ji Pin Kun Hua De Li Lun Yu Shi Ji@f仇启华,解德元,黄苏著@FChou Qi Hua,Jie De Yuan,Huang Su Zhu
210    @a北京@c中国社会科学出版社@d1982.08
215    @a151页@d19cm
225    @a世界经济丛书
410    @12001 @a世界经济丛书
606 0  @a资本主义社会@x生产方式
690    @aF034@v3
701  0 @a仇启华@4著
701  0 @a解德元@4著
701  0 @a黄苏@4著
801    @aCN@bTSTCL@c20040421
905    @f3@b173849-851@dF034@e23
    
    无产阶级贫困化的理论与实际/仇启华,解德元,黄苏著.-北京:中国社会科学出版社,1982.08
    151页;19cm.-(世界经济丛书)
    
    
    ISBN :CNY0.48
    
●
相关链接 在E读中查询图书 在五车中查询图书 在当当中查询图书 在豆瓣中查询图书


正题名:无产阶级贫困化的理论与实际     索取号:F034/23         预约/预借

序号 登录号 条形码 馆藏地/架位号 状态 备注
1 0173849   001271233   第一借阅区/ [索取号:F034/23] 在馆    
2 0173850   001271224   密集书库/ [索取号:F034/23] 在馆    
3 0173851   001271242   第一样本阅览室/ [索取号:F034/23] 在馆    
唐山师范学院图书馆 欢迎您!
大连网信软件有限公司© 版权所有